Auteurs d'après leur oeuvre - Statistiques

Statistiques générales
  • Ce quiz a été pris 1 950 fois
  • Le résultat moyen est 29 sur 58
Statistiques - réponses
Titre Auteur % Correct
Le Rouge et le Noir (1830) Stendhal
89%
Notre-Dame de Paris (1831) Victor Hugo
87%
Les Fleurs du mal (1857) Charles Baudelaire
86%
Le Cid (1636) Pierre Corneille
85%
L'Étranger (1942) Albert Camus
83%
Les trois mousquetaires (1844) Alexandre Dumas
83%
Le Tour du monde en 80 jours (1873) Jules Verne
83%
Le Petit Prince (1943) Antoine de Saint-Exupéry
80%
Madame Bovary (1857) Gustave Flaubert
77%
Zadig ou la Destinée (1747) Voltaire
77%
L'Assommoir (1877) Emile Zola
75%
Les Femmes savantes (1672) Molière
75%
Le Père Goriot (1835) Honoré de Balzac
70%
Dix Petits Nègres (1939) Agatha Christie
69%
Pantagruel (1532) François Rabelais
69%
1984 (1949) George Orwell
69%
À la recherche du temps perdu (1927) Marcel Proust
65%
Lettres persanes (1721) Charles-Louis de Secondat de Montesquieu
63%
Andromaque (1667) Jean Racine
63%
Guerre et Paix (1865) Léon Tolstoï
60%
Voyage au bout de la nuit (1932) Louis-Ferdinand Céline
59%
La Gloire de mon père (1957) Marcel Pagnol
57%
Les Liaisons dangereuses (1782) Pierre Choderlos de Laclos
57%
Le Deuxième Sexe (1949) Simone de Beauvoir
57%
L'Écume des jours (1947) Boris Vian
55%
Orgueil et préjugé (1813) Jane Austen
55%
Cyrano de Bergerac (1897) Edmond Rostand
53%
Les Hauts de Hurlevent (1847) Emily Brontë
52%
Les Aventures d'Alice au pays des merveilles (1865) Lewis Carroll
51%
Oliver Twist (1837) Charles Dickens
48%
Mémoires d'outre-tombe (1848) François René de Chateaubriand
48%
Rhinocéros (1959) Eugène Ionesco
46%
Le Songe d’une nuit d’été (1600) William Shakespeare
45%
On ne badine pas avec l'amour (1834) Alfred de Musset
44%
Crime et Châtiment (1866) Dostoïevski
43%
Une vie (1883) Guy de Maupassant
43%
Le portrait de Dorian Gray (1890) Oscar Wilde
43%
Le Procès (1925) Franz Kafka
42%
La Mare au diable (1846) George Sand
40%
La Nausée (1938) Jean-Paul Sartre
40%
Des souris et des hommes (1937) John Steinbeck
40%
Le Vieil Homme et la Mer (1952) Ernest Hemingway
38%
Ainsi parlait Zarathoustra (1885) Friedrich Nietzsche
38%
Croc-Blanc (1906) Jack London
38%
La Condition humaine (1933) André Malraux
35%
L'Amant (1984) Marguerite Duras
35%
Mémoires d'Hadrien (1951) Marguerite Yourcenar
34%
Gatsby le Magnifique (1925) Francis Scott Fitzgerald
31%
Moby Dick (1851) Herman Melville
29%
Une saison en enfer (1873) Arthur Rimbaud
27%
La Religieuse (1796) Diderot
25%
L'Étrange Cas du Dr Jekyll et de Mr Hyde (1886) Robert Louis Stevenson
22%
Extension du domaine de la lutte (1994) Michel Houellebecq
11%
Le Dernier des Mohicans (1826) James Fenimore Cooper
9%
La Route (1994) Cormac McCarthy
6%
Les Exploits d'un jeune Don Juan (1911) Guillaume Apollinaire
3%
Le Livre blanc (1928) Jean Cocteau
3%
La Dernière Bande (1960) Samuel Beckett
2%
Aucun quiz correspondant
Distribution des résultats
% des personnes avec chaque résultat
Percentile par nombre de réponses
Votre historique - résultats
Vous n’avez pas pris ce quiz